L'asta degli schiavi /

সংরক্ষণ করুন:
গ্রন্থ-পঞ্জীর বিবরন
প্রধান লেখক: Cerina, Luigi
বিন্যাস: গ্রন্থ
ভাষা:ইতালিয়
প্রকাশিত: Macerata : Simple, 2015
ট্যাগগুলো: ট্যাগ যুক্ত করুন
কোনো ট্যাগ নেই, প্রথমজন হিসাবে ট্যাগ করুন!

MARC

LEADER 00000nam a22000007i 4500
001 IT\ICCU\BVE\0712329
003 ItRI
005 20231215215359.0
008 160809s2015 it |||||| ||||| |||||c
020 |a 9788869241086 
040 |b ita  |c C 
041 7 |a ita  |2 ISO-639-2 
100 1 |a Cerina, Luigi  |0 IT\ICCU\CFIV\132760 
245 1 2 |a L'asta degli schiavi /  |c Luigi Cerina ; postfazione di Silvia Capodivacca. 
260 |a Macerata :  |b Simple,  |c 2015 
300 |a 165 p. :  |b ill. ;  |c 20 cm. 
942 |2 ddc  |c BK 
952 |0 0  |1 0  |2 ddc  |4 0  |6 853_910000000000000_CER_LAS  |7 1  |9 453  |a GE  |b GE  |d 2015-12-17  |l 0  |o 853.91 CER LAS  |p 3171  |r 2023-12-15 21:54:36  |w 2023-12-15  |y BK 
981 1 |6 z01  |a i   |b xxxe  
982 1 |6 z01  |a n 
999 |c 361  |d 361